01841 a2200313 45000010006000000050017000060080041000230030015000640400040000790800019001192450060001380200018001982640032002163000019002485050884002671000027011517000021011787000022011997000020012217000030012417000018012717000028012897000021013177000035013387000018013737000017013917000020014088560099014284708520260407155739.0260407a1991 arg spa dAR-UNSa-BCEJYS aAR-UNSa-BCEJYSbspacAR-UNSa-BCEJYS a32xPolítica10aElecciones y política económica en América Latina a950-718-027-3 1aBuenos Aires :bTesisc1991 a431 p.c20 cm. a1. INTRODUCCIÓN : Consolidación de la democracia y políticas económicas en América Latina / Guillermo - 2. ARGENTINA : Hiperinflación y estabilización : la experiencia reciente / Mario Damill - Roberto Frenkel - 3. BOLIVIA : De la estabilización impuesta al crecimiento negociado / Gonzalo Chávez Álvarez - 4. BRASIL : Los primeros tres meses del Plan Collor / Dionisio D. Carneiro - 5. COLOMBIA : Apertura y recuperación del crecimiento económico / Eduardo Lora - Catalina Crane - 6. CHILE : Fundamentos originales de las políticas macroeconómicas del gobierno democrático chileno (1990-93) / Joaquín Vial - Andrea Butelman. Carmen Celedón - 7. MÉXICO : El " Pacto de Solidaridad Económica ": heterodoxia puesta en marcha en México / Nora Lusting - 8. PERÚ : Ajuste e inflación en el Plan Fujimori / Javier Iguíñiz Echeverría. 1 aRozenwurcel, Guillermo1 aButelman, Andrea1 aCeledón, Carmen1 aCrane, Catalina1 aChávez Alvarez, Gonzalo1 aDamill, Mario1 aDias Carneiro, Dionisio1 aFrenkel, Roberto1 aIguiñiz Echeverría, Javier1 aLora, Eduardo1 aLustig, Nora1 aVial, Joaquín41uhttps://www.biblioeco.unsa.edu.ar/pmb/images/libros/L127386.jpgyImagen de portadaqimage/jpeg